Score 0/35 Timer 07:00
0 Plays Today
% Correct
Star Trek
88.6%
Agents of S.H.I.E.L.D.
88.1%
Lost
87.6%
The Walking Dead
86.7%
Arrow
86.1%
The X-Files
84.4%
Buffy the Vampire Slayer
81.1%
Merlin
80.9%
Doctor Who
80.7%
The 100
79.9%
Supernatural
78.4%
Once Upon a Time
77.9%
Angel
77.7%
The Vampire Diaries
76.6%
Quantum Leap
75.7%
Charmed
75.4%
Firefly
73.9%
Sense8
73%
% Correct
The Twilight Zone
70.2%
Warehouse 13
70.1%
Xena: Warrior Princess
69.8%
Heroes
67.7%
Witches of East End
65.9%
Bitten
65%
Medium
62%
Being Human
61.1%
Torchwood
61%
Ghost Whisperer
60.4%
Hercules: The Legendary Journeys
57.2%
Terra Nova
55.7%
Jericho
53.4%
Fringe
49.9%
Dollhouse
46.7%
The Originals
46.4%
Eureka
43.5%
Remove Ads.
Support Sporcle.
Get the best of Sporcle when you Go Orange. This ad-free experience offers more features, more stats, and more fun while also helping to support Sporcle. Thank you for becoming a member.

You're not logged in!

Compare scores with friends on all Sporcle quizzes.
OR
Log In

Show Comments

Extras

Top Quizzes Today


Score Distribution

Your Account Isn't Verified!

In order to create a playlist on Sporcle, you need to verify the email address you used during registration. Go to your Sporcle Settings to finish the process.

Report this User

Report this user for behavior that violates our Community Guidelines.

Details: